000 00472nam a2200181Ia 4500
008 100917s9999 xx 000 0 und d
082 _b43017
100 _aकीर गिरिजा
245 _aदर्शन
260 _bहेमचंद्र प्रकाशन
_c1980
300 _a132
365 _b16
520 _aचरित्र
630 _aदर्शन
650 _aचरित्र
730 _aदर्शन
942 _cBOOK
999 _c648411
_d648408